Australia by Letter - E - Statistics

General Stats
  • This quiz has been taken 21 times
  • The average score is 7 of 10
Answer Stats
Hint Answer % Correct
A flightless bird, the second tallest in the world after the ostrich Emu
95%
The nickname of Perth's AFL team, the West Coast ______ Eagles
90%
Egg-laying monotreme with spines all over its body Echidna
90%
The weather phenomenon with a Spanish name that can result in drought in Australia; the opposite is La Nina El Nino
90%
Small town in Queensland's Central Highlands, which shares its name with a gemstone Emerald
81%
What Australians call a portable cooler box Esky
52%
Fictional suburb created for the long-running TV soap "Neighbours". Hint: it's an almost anagram of the show's title Erinsborough
48%
Suburb of Melbourne which is home to the Bombers Australian Football League (AFL) team Essendon
48%
The battle fought on the gold fields of Ballarat, Victoria, on 3 December 1854 Eureka Stockade
43%
Town on the Murray River in Victoria, in the 1870s Australia's busiest inland port Echuca
33%
No matching quizzes found
Score Distribution
Percent of People with Each Score
Percentile by Number Answered
Your Score History
You have not taken this quiz